<?xml version="1.0" encoding="UTF-8"?>
<record
    xmlns:xsi="http://www.w3.org/2001/XMLSchema-instance"
    xsi:schemaLocation="http://www.loc.gov/MARC21/slim http://www.loc.gov/standards/marcxml/schema/MARC21slim.xsd"
    xmlns="http://www.loc.gov/MARC21/slim">

  <leader>01213cam a2200253a 44500</leader>
  <controlfield tag="003">OSt</controlfield>
  <controlfield tag="005">20150408113813.0</controlfield>
  <controlfield tag="008">030308s1982 su g 000r0 ara d</controlfield>
  <datafield tag="040" ind1=" " ind2=" ">
    <subfield code="a">MU</subfield>
    <subfield code="b">ara</subfield>
    <subfield code="c">MB</subfield>
  </datafield>
  <datafield tag="041" ind1=" " ind2=" ">
    <subfield code="a">&#x639;&#x631;&#x628;&#x64A;</subfield>
  </datafield>
  <datafield tag="043" ind1=" " ind2=" ">
    <subfield code="a">a-su---</subfield>
  </datafield>
  <datafield tag="072" ind1=" " ind2=" ">
    <subfield code="a">096</subfield>
    <subfield code="x">&#x627;&#x644;&#x645;&#x645;&#x644;&#x643;&#x629; &#x627;&#x644;&#x639;&#x631;&#x628;&#x64A;&#x629; &#x627;&#x644;&#x633;&#x639;&#x648;&#x62F;&#x64A;&#x629;</subfield>
  </datafield>
  <datafield tag="082" ind1="0" ind2="4">
    <subfield code="a">953,101</subfield>
  </datafield>
  <datafield tag="092" ind1=" " ind2=" ">
    <subfield code="a">953,101</subfield>
    <subfield code="b">&#x63A; &#x62D; &#x62A;</subfield>
  </datafield>
  <datafield tag="100" ind1="1" ind2=" ">
    <subfield code="a">&#x627;&#x628;&#x646; &#x63A;&#x646;&#x627;&#x645;&#x60C; &#x62D;&#x633;&#x64A;&#x646; &#x628;&#x646; &#x623;&#x628;&#x64A; &#x628;&#x643;&#x631;&#x60C;</subfield>
    <subfield code="d">&#x61F;-1225&#x647;&#x640;.</subfield>
    <subfield code="9">9330</subfield>
  </datafield>
  <datafield tag="245" ind1="1" ind2="0">
    <subfield code="a">&#x62A;&#x627;&#x631;&#x64A;&#x62E; &#x646;&#x62C;&#x62F;&#x60C; &#x627;&#x644;&#x645;&#x633;&#x645;&#x649;&#x60C; &#x631;&#x648;&#x636;&#x629; &#x627;&#x644;&#x623;&#x641;&#x643;&#x627;&#x631; &#x648;&#x627;&#x644;&#x623;&#x641;&#x647;&#x627;&#x645; &#x644;&#x645;&#x631;&#x62A;&#x627;&#x62F; &#x62D;&#x627;&#x644; &#x627;&#x644;&#x625;&#x645;&#x627;&#x645; &#x648;&#x62A;&#x639;&#x62F;&#x627;&#x62F; &#x63A;&#x632;&#x648;&#x627;&#x62A; &#x630;&#x648;&#x64A; &#x627;&#x644;&#x625;&#x633;&#x644;&#x627;&#x645;.</subfield>
    <subfield code="c">&#x62D;&#x633;&#x64A;&#x646; &#x628;&#x646; &#x63A;&#x646;&#x627;&#x645; &#x61B; &#x62D;&#x631;&#x631;&#x647; &#x648;&#x62D;&#x642;&#x642;&#x647; &#x646;&#x627;&#x635;&#x631; &#x627;&#x644;&#x62F;&#x64A;&#x646; &#x627;&#x644;&#x623;&#x633;&#x62F; &#x61B; &#x642;&#x627;&#x628;&#x644;&#x647; &#x625;&#x644;&#x649; &#x623;&#x635;&#x644;&#x647; &#x639;&#x628;&#x62F; &#x627;&#x644;&#x639;&#x632;&#x64A;&#x632; &#x628;&#x646; &#x645;&#x62D;&#x645;&#x62F; &#x628;&#x646; &#x625;&#x628;&#x631;&#x627;&#x647;&#x64A;&#x645; &#x622;&#x644; &#x627;&#x644;&#x634;&#x64A;&#x62E;.</subfield>
  </datafield>
  <datafield tag="246" ind1="3" ind2="3">
    <subfield code="a">&#x631;&#x648;&#x636;&#x629; &#x627;&#x644;&#x623;&#x641;&#x643;&#x627;&#x631; &#x648;&#x627;&#x644;&#x623;&#x641;&#x647;&#x627;&#x645; &#x644;&#x645;&#x631;&#x62A;&#x627;&#x62F; &#x62D;&#x627;&#x644; &#x627;&#x644;&#x625;&#x645;&#x627;&#x645; &#x648;&#x62A;&#x639;&#x62F;&#x627;&#x62F; &#x63A;&#x632;&#x648;&#x627;&#x62A; &#x630;&#x648;&#x64A; &#x627;&#x644;&#x625;&#x633;&#x644;&#x627;&#x645;.</subfield>
  </datafield>
  <datafield tag="250" ind1=" " ind2=" ">
    <subfield code="a">&#x637;. 1.</subfield>
  </datafield>
  <datafield tag="260" ind1=" " ind2=" ">
    <subfield code="a">&#x627;&#x644;&#x642;&#x627;&#x647;&#x631;&#x629;</subfield>
    <subfield code="b">&#x645;&#x643;&#x62A;&#x628;&#x629; &#x648;&#x645;&#x637;&#x628;&#x639;&#x629; &#x645;&#x635;&#x637;&#x641;&#x649; &#x627;&#x644;&#x628;&#x627;&#x628;&#x64A; &#x627;&#x644;&#x62D;&#x644;&#x628;&#x64A;</subfield>
    <subfield code="c">1949</subfield>
  </datafield>
  <datafield tag="300" ind1=" " ind2=" ">
    <subfield code="a">2 &#x62C;</subfield>
    <subfield code="c">24&#x633;&#x645;.</subfield>
  </datafield>
  <datafield tag="651" ind1=" " ind2="7">
    <subfield code="a">&#x627;&#x644;&#x633;&#x639;&#x648;&#x62F;&#x64A;&#x629;</subfield>
    <subfield code="x">&#x62A;&#x627;&#x631;&#x64A;&#x62E;</subfield>
    <subfield code="2">aucsh.</subfield>
  </datafield>
  <datafield tag="651" ind1=" " ind2="7">
    <subfield code="a">&#x646;&#x62C;&#x62F; (&#x627;&#x644;&#x633;&#x639;&#x648;&#x62F;&#x64A;&#x629;)</subfield>
    <subfield code="x">&#x62A;&#x627;&#x631;&#x64A;&#x62E;</subfield>
    <subfield code="2">aucsh.</subfield>
    <subfield code="9">18</subfield>
  </datafield>
  <datafield tag="942" ind1=" " ind2=" ">
    <subfield code="2">ddc</subfield>
    <subfield code="c">BOOK</subfield>
  </datafield>
  <datafield tag="999" ind1=" " ind2=" ">
    <subfield code="c">6285</subfield>
    <subfield code="d">240785</subfield>
  </datafield>
  <datafield tag="952" ind1=" " ind2=" ">
    <subfield code="1">0</subfield>
    <subfield code="2">2013-03-10</subfield>
    <subfield code="4">0</subfield>
    <subfield code="7">0</subfield>
    <subfield code="a">953,101 &#x62C;1 &#x63A; &#x62D; &#x62A;</subfield>
    <subfield code="d">2012-01-06</subfield>
    <subfield code="h">SRM</subfield>
    <subfield code="i">00078259</subfield>
    <subfield code="m">SRM</subfield>
    <subfield code="r">2013-03-10 00:00:00</subfield>
    <subfield code="t">BOOK</subfield>
    <subfield code="w">ddc</subfield>
    <subfield code="y">0</subfield>
  </datafield>
  <datafield tag="952" ind1=" " ind2=" ">
    <subfield code="1">0</subfield>
    <subfield code="2">2013-03-10</subfield>
    <subfield code="4">0</subfield>
    <subfield code="7">0</subfield>
    <subfield code="a">953,101 &#x62C;1 &#x63A; &#x62D; &#x62A;</subfield>
    <subfield code="d">2012-01-06</subfield>
    <subfield code="h">SRM</subfield>
    <subfield code="i">00078261</subfield>
    <subfield code="m">SRM</subfield>
    <subfield code="r">2013-03-10 00:00:00</subfield>
    <subfield code="t">BOOK</subfield>
    <subfield code="w">ddc</subfield>
    <subfield code="y">0</subfield>
  </datafield>
  <datafield tag="952" ind1=" " ind2=" ">
    <subfield code="1">0</subfield>
    <subfield code="2">2013-03-10</subfield>
    <subfield code="4">0</subfield>
    <subfield code="7">0</subfield>
    <subfield code="a">953,101 &#x62C;1 &#x63A; &#x62D; &#x62A;</subfield>
    <subfield code="d">2012-01-06</subfield>
    <subfield code="h">SRM</subfield>
    <subfield code="i">00078263</subfield>
    <subfield code="m">SRM</subfield>
    <subfield code="r">2013-03-10 00:00:00</subfield>
    <subfield code="t">BOOK</subfield>
    <subfield code="w">ddc</subfield>
    <subfield code="y">0</subfield>
  </datafield>
  <datafield tag="952" ind1=" " ind2=" ">
    <subfield code="1">0</subfield>
    <subfield code="2">2013-03-10</subfield>
    <subfield code="4">0</subfield>
    <subfield code="7">0</subfield>
    <subfield code="a">953,101 &#x62C;2 &#x63A; &#x62D; &#x62A;</subfield>
    <subfield code="d">2012-01-06</subfield>
    <subfield code="h">SRM</subfield>
    <subfield code="i">00078256</subfield>
    <subfield code="m">SRM</subfield>
    <subfield code="r">2013-03-10 00:00:00</subfield>
    <subfield code="t">BOOK</subfield>
    <subfield code="w">ddc</subfield>
    <subfield code="y">0</subfield>
  </datafield>
  <datafield tag="952" ind1=" " ind2=" ">
    <subfield code="1">0</subfield>
    <subfield code="2">2013-03-10</subfield>
    <subfield code="4">0</subfield>
    <subfield code="7">0</subfield>
    <subfield code="a">953,101 &#x62C;2 &#x63A; &#x62D; &#x62A;</subfield>
    <subfield code="d">2012-01-06</subfield>
    <subfield code="h">SRM</subfield>
    <subfield code="i">00078267</subfield>
    <subfield code="m">SRM</subfield>
    <subfield code="r">2013-03-10 00:00:00</subfield>
    <subfield code="t">BOOK</subfield>
    <subfield code="w">ddc</subfield>
    <subfield code="y">0</subfield>
  </datafield>
  <datafield tag="952" ind1=" " ind2=" ">
    <subfield code="1">0</subfield>
    <subfield code="2">2013-03-10</subfield>
    <subfield code="4">0</subfield>
    <subfield code="7">0</subfield>
    <subfield code="a">953,101 &#x62C;2 &#x63A; &#x62D; &#x62A;</subfield>
    <subfield code="d">2012-01-06</subfield>
    <subfield code="h">SRM</subfield>
    <subfield code="i">00078265</subfield>
    <subfield code="m">SRM</subfield>
    <subfield code="r">2013-03-10 00:00:00</subfield>
    <subfield code="t">BOOK</subfield>
    <subfield code="w">ddc</subfield>
    <subfield code="y">0</subfield>
  </datafield>
  <datafield tag="952" ind1=" " ind2=" ">
    <subfield code="1">0</subfield>
    <subfield code="2">2013-03-10</subfield>
    <subfield code="4">0</subfield>
    <subfield code="7">0</subfield>
    <subfield code="a">953,101 &#x62C;1 &#x63A; &#x62D; &#x62A;</subfield>
    <subfield code="d">2012-01-06</subfield>
    <subfield code="h">SRM</subfield>
    <subfield code="i">00078258</subfield>
    <subfield code="m">SRM</subfield>
    <subfield code="r">2013-03-10 00:00:00</subfield>
    <subfield code="t">BOOK</subfield>
    <subfield code="w">ddc</subfield>
    <subfield code="y">0</subfield>
  </datafield>
  <datafield tag="952" ind1=" " ind2=" ">
    <subfield code="1">0</subfield>
    <subfield code="2">2013-03-10</subfield>
    <subfield code="4">0</subfield>
    <subfield code="7">0</subfield>
    <subfield code="a">953,101 &#x62C;1 &#x63A; &#x62D; &#x62A;</subfield>
    <subfield code="d">2012-01-06</subfield>
    <subfield code="h">SRM</subfield>
    <subfield code="i">00078257</subfield>
    <subfield code="m">SRM</subfield>
    <subfield code="r">2013-03-10 00:00:00</subfield>
    <subfield code="t">BOOK</subfield>
    <subfield code="w">ddc</subfield>
    <subfield code="y">0</subfield>
  </datafield>
  <datafield tag="952" ind1=" " ind2=" ">
    <subfield code="1">0</subfield>
    <subfield code="2">2013-03-10</subfield>
    <subfield code="4">0</subfield>
    <subfield code="7">0</subfield>
    <subfield code="a">953,101 &#x62C;1 &#x63A; &#x62D; &#x62A;</subfield>
    <subfield code="d">2012-01-06</subfield>
    <subfield code="h">SRM</subfield>
    <subfield code="i">00078260</subfield>
    <subfield code="m">SRM</subfield>
    <subfield code="r">2013-03-10 00:00:00</subfield>
    <subfield code="t">BOOK</subfield>
    <subfield code="w">ddc</subfield>
    <subfield code="y">0</subfield>
  </datafield>
  <datafield tag="952" ind1=" " ind2=" ">
    <subfield code="1">0</subfield>
    <subfield code="2">2013-03-10</subfield>
    <subfield code="4">0</subfield>
    <subfield code="7">0</subfield>
    <subfield code="a">953,101 &#x62C;2 &#x63A; &#x62D; &#x62A;</subfield>
    <subfield code="d">2012-01-06</subfield>
    <subfield code="h">SRM</subfield>
    <subfield code="i">00078262</subfield>
    <subfield code="m">SRM</subfield>
    <subfield code="r">2013-03-10 00:00:00</subfield>
    <subfield code="t">BOOK</subfield>
    <subfield code="w">ddc</subfield>
    <subfield code="y">0</subfield>
  </datafield>
  <datafield tag="952" ind1=" " ind2=" ">
    <subfield code="1">0</subfield>
    <subfield code="2">2013-03-10</subfield>
    <subfield code="4">0</subfield>
    <subfield code="7">0</subfield>
    <subfield code="a">953,101 &#x62C;2 &#x63A; &#x62D; &#x62A;</subfield>
    <subfield code="d">2012-01-06</subfield>
    <subfield code="h">SRM</subfield>
    <subfield code="i">00078266</subfield>
    <subfield code="m">SRM</subfield>
    <subfield code="r">2013-03-10 00:00:00</subfield>
    <subfield code="t">BOOK</subfield>
    <subfield code="w">ddc</subfield>
    <subfield code="y">0</subfield>
  </datafield>
  <datafield tag="952" ind1=" " ind2=" ">
    <subfield code="1">0</subfield>
    <subfield code="2">2013-03-10</subfield>
    <subfield code="4">0</subfield>
    <subfield code="7">0</subfield>
    <subfield code="a">953,101 &#x62C;2 &#x63A; &#x62D; &#x62A;</subfield>
    <subfield code="d">2012-01-06</subfield>
    <subfield code="h">SRM</subfield>
    <subfield code="i">00078264</subfield>
    <subfield code="m">SRM</subfield>
    <subfield code="r">2013-03-10 00:00:00</subfield>
    <subfield code="t">BOOK</subfield>
    <subfield code="w">ddc</subfield>
    <subfield code="y">0</subfield>
  </datafield>
</record>
